Principles of quality control
Αποθηκεύτηκε σε:
| Κύριος συγγραφέας: | |
|---|---|
| Μορφή: | Βιβλίο |
| Γλώσσα: | English |
| Δημοσίευση: |
New York :
Wiley,
c1989
|
| Θέματα: | |
| Ετικέτες: |
Προσθήκη ετικέτας
Δεν υπάρχουν, Καταχωρήστε ετικέτα πρώτοι!
|
MARC
| LEADER | 00000nam a2200000 i 4500 | ||
|---|---|---|---|
| 001 | 1/69605 | ||
| 008 | 050119s1989 eng d | ||
| 020 | |a 0-471-63551-0 | ||
| 035 | |l 10075995 | ||
| 040 | |a GR-MY-UA |b gre |e aacr | ||
| 041 | 0 | |a eng | |
| 082 | 0 | |a 658.562 |2 (21) | |
| 100 | 1 | |a Banks, Jerry. | |
| 245 | 1 | 0 | |a Principles of quality control / |c Jerry Banks |
| 260 | |a New York : |b Wiley, |c c1989 | ||
| 300 | |a xxx, 634 σ.; |b εικ., πιν.; |c 26 εκ. | ||
| 504 | |a Περιλαμβάνει ευρετήρια | ||
| 650 | 0 | 0 | |a Quality control. |
| 852 | |a INST |b CHIOS |e 20050119 |h 658.562 ΒΑΝ |p 005200022658 |q 005200022658 |t BK |y 0 | ||
| 901 | |a BIBL2-2005-1 | ||
| 909 | |a Χ |b 112286 | ||
| 920 | |a ΔΙΕΥΡΥΝΣΗ |b ΕΠΕΑΕΚ-ΤΜΟΔ |y ΧΙΟΣ |z 2004-12 | ||
| 970 | |a ΣΠΕΝΤΖΑ |b ΕΛΕΝΗ |z 2005/01/19 | ||